000
00311nam a2200109Ia 4500
008
171211s9999 xx 000 0 und d
245
_a
Genetics: A Conceptual Approach, 5th Edition
245
_c
Benjamin A. Pierce
260
_c
2014
650
_x
Biology
856
_u
http://down.ebook777.com/063/146410946X.pdf
999
_c
350371
_d
350371